<?xml version="1.0" encoding="UTF-8"?>
<record
    xmlns:xsi="http://www.w3.org/2001/XMLSchema-instance"
    xsi:schemaLocation="http://www.loc.gov/MARC21/slim http://www.loc.gov/standards/marcxml/schema/MARC21slim.xsd"
    xmlns="http://www.loc.gov/MARC21/slim">

  <leader>00904nam a22002057a 4500</leader>
  <controlfield tag="001">HIN-125834</controlfield>
  <controlfield tag="003">dpl</controlfield>
  <controlfield tag="005">20230911172828.0</controlfield>
  <controlfield tag="008">230906b        |||||||| |||| 00| 0 eng d</controlfield>
  <datafield tag="010" ind1=" " ind2=" ">
    <subfield code="a">HN-98180</subfield>
  </datafield>
  <datafield tag="040" ind1=" " ind2=" ">
    <subfield code="c">DBAD/PUB</subfield>
  </datafield>
  <datafield tag="082" ind1=" " ind2=" ">
    <subfield code="2">&#x926;&#x94D;&#x935;&#x93F;&#x924;&#x940;&#x92F;  &#x938;&#x902;&#x938;&#x94D;&#x915;&#x930;&#x923; 2016</subfield>
    <subfield code="a">158.1</subfield>
  </datafield>
  <datafield tag="100" ind1=" " ind2=" ">
    <subfield code="a">&#x917;&#x94D;&#x930;&#x94B;&#x935;&#x930;, &#x932;&#x940;&#x928;&#x93E;</subfield>
    <subfield code="9">56005</subfield>
  </datafield>
  <datafield tag="245" ind1=" " ind2=" ">
    <subfield code="a">&#x906;&#x928;&#x902;&#x926; - &#x92C;&#x93F;&#x902;&#x926;&#x941;/</subfield>
    <subfield code="h">&#x939;&#x93F;&#x902;&#x926;&#x940;</subfield>
  </datafield>
  <datafield tag="250" ind1=" " ind2=" ">
    <subfield code="a">&#x926;&#x94D;&#x935;&#x93F;&#x924;&#x940;&#x92F; &#x938;&#x902;&#x938;&#x94D;&#x915;&#x930;&#x923;</subfield>
  </datafield>
  <datafield tag="260" ind1=" " ind2=" ">
    <subfield code="a">"&#x935;&#x93F;&#x92A;&#x941;&#x932;" 28/16 &#x92C;&#x940;. &#x91C;&#x940;. &#x916;&#x947;&#x930;&#x92E;&#x93E;&#x930;&#x94D;&#x917; &#x92E;&#x93E;&#x932;&#x93E;&#x935;&#x93E;&#x930; &#x939;&#x93F;&#x932; &#x92E;&#x941;&#x902;&#x92C;&#x908; 400006</subfield>
    <subfield code="b">&#x938;&#x924;&#x94D;&#x938;&#x93E;&#x939;&#x93F;&#x924; &#x92A;&#x930;&#x94D;&#x915;&#x93E;&#x936;&#x928; &#x91F;&#x94D;&#x930;&#x938;&#x94D;&#x91F;</subfield>
    <subfield code="c">2016</subfield>
  </datafield>
  <datafield tag="300" ind1=" " ind2=" ">
    <subfield code="a">184 &#x92A;.</subfield>
    <subfield code="c">22&#x938;&#x947;&#x92E;&#x940; (&#x905;&#x91C;&#x93F;&#x932;&#x94D;&#x926;)</subfield>
  </datafield>
  <datafield tag="700" ind1=" " ind2=" ">
    <subfield code="9">56009</subfield>
    <subfield code="a">&#x935;&#x93F;&#x936;&#x92E;&#x94D;&#x92D;&#x930;&#x928;&#x93E;&#x925; &#x926;&#x94D;&#x930;&#x93F;&#x935;&#x947;&#x926;&#x940;</subfield>
  </datafield>
  <datafield tag="942" ind1=" " ind2=" ">
    <subfield code="2">ddc</subfield>
    <subfield code="c">HN</subfield>
    <subfield code="h">158.1</subfield>
    <subfield code="m">&#x917;&#x94D;&#x930;&#x94B;&#x935;&#x930;</subfield>
  </datafield>
  <datafield tag="999" ind1=" " ind2=" ">
    <subfield code="c">197904</subfield>
    <subfield code="d">197904</subfield>
  </datafield>
  <datafield tag="952" ind1=" " ind2=" ">
    <subfield code="0">0</subfield>
    <subfield code="1">0</subfield>
    <subfield code="2">ddc</subfield>
    <subfield code="4">0</subfield>
    <subfield code="7">1</subfield>
    <subfield code="8">NFIC</subfield>
    <subfield code="a">DBAD</subfield>
    <subfield code="b">DBAD</subfield>
    <subfield code="d">2023-09-06</subfield>
    <subfield code="e">DBAD/PUB</subfield>
    <subfield code="g">70.00</subfield>
    <subfield code="l">0</subfield>
    <subfield code="o">158.1 &#x917;&#x94D;&#x930;&#x94B;&#x935;&#x930;</subfield>
    <subfield code="p">HN-98180</subfield>
    <subfield code="r">2023-09-06 00:00:00</subfield>
    <subfield code="t">1</subfield>
    <subfield code="v">70.00</subfield>
    <subfield code="w">2023-09-06</subfield>
    <subfield code="y">HN</subfield>
  </datafield>
</record>
